000 00508nam a2200205Ia 4500
003 OSt
005 20220827123331.0
008 210210b1987 xxu||||| |||| 00| 0 eng d
020 _a19 561963 3
040 _cAL
041 _aEnglish
082 _a824 PREE
100 _aPRE UNIVERSITY EDUCATION BOARD
_955804
245 _aEnglish prose and poetry I PUC
260 _aN D
_bOxford University Press
_c1987
300 _axvi,195
690 _aEnglish Prose
_955805
906 _a040142
942 _2ddc
_cBK
999 _c90153
_d90153